2010s Albums (Hard) - Statistics

General Stats
  • This quiz has been taken 949 times
    909 since last reset
  • The average score is 11 of 20
Answer Stats
Picture Answer % Correct
1000 Forms of Fear - Sia
88%
Good kid, m.A.A.d city - Kendrick Lamar
78%
Title - Meghan Trainor
78%
Evolve - Imagine Dragons
75%
Ctrl - SZA
73%
Tha Carter IV - Lil Wayne
67%
A Head Full of Dreams - Coldplay
64%
Animal - Ke$ha
62%
Melodrama - Lorde
59%
Plastic Beach - Gorillaz
57%
Meaning of Life - Kelly Clarkson
55%
Blurred Lines - Robin Thicke
54%
17 - XXXTENTACION
53%
The 20/20 Experience - Justin Timberlake
53%
Acid Rap - Chance the Rapper
52%
I Love You. - The Neighbourhood
42%
True - Avicii
40%
Youngblood - 5 Seconds of Summer
32%
Memories... Do Not Open - The Chainsmokers
30%
Rolling Papers - Wiz Khalifa
17%
No matching quizzes found
Score Distribution
Percent of People with Each Score
Percentile by Number Answered
Your Score History
You have not taken this quiz since the last reset